Bairros de Passira em um mapa - Statistics

Estatísticas Gerais
  • Esse quiz foi jogado 14 vezes
  • A pontuação média é 5 de 8
Respostas no mapa
Respostas codificadas por cores de uma escala verde-vermelha no mapa do quiz de acordo com a % correta abaixo.
 
Estatísticas das Respostas
Bairro % Correto
Alto da Esperança
100%
Alto Santa Inês
100%
Alto Caturité
67%
Centro
67%
Alto Bela Vista
33%
Novo Horizonte
33%
Salgado
33%
São Lourenço
33%
Nenhum quiz correspondente encontrado
Distribuição das Pontuações
Porcentagem de Pessoas com Cada Pontuação
Percentil de Números Respondidos
Sua Pontuação Histórica
Você não jogou esse quiz